000 00672nam a2200241Ia 4500
005 20231202101510.0
008 131103s9999 xx 000 0 und d
020 _a333548086
_cRs. 100
040 _aLoreto College
041 _aEnglish
082 _a396
_bJEF
100 _aJeffrey, Robin
245 _aPolitics, Women and Well-Being
_cRobin Jeffrey
250 _a How Kerala became 'a Model'
260 _aLondon
_bMacmillan Press
_c1992
300 _axviii,285p, 22 cm.
504 _aIncludes bibliographical references and index
630 _aWomen, Case Study
650 _aWomen Studies
651 _aWomen, Politics
850 _aLCLIB
942 _cBK
999 _c2506
_d52985